Score 0/30 Timer 05:00
2 Plays Today
% Correct
Fat Rat
96.9%
Cuter Tutor
96.3%
Cross Boss
95.4%
Bright Light
95.1%
Free Bee
94.9%
Loud Crowd
94.3%
Prime Time
93.8%
Large Barge
93.2%
Main Lane
92.3%
Greater Debater
91.9%
Major Wager
90.5%
Narrow Arrow
89.9%
Ruddy Buddy
89.5%
New Do
88.6%
Sane Dane
88.5%
% Correct
Say 'Aay'
88.4%
Legal Beagle
87.7%
Rotten Cotton
87.7%
Gruesome Twosome
86.4%
Gabby Tabby
86.3%
Genial Menial
83.9%
Scat Chat
83.6%
Jack Black
83.4%
Marry Harry
82.4%
Heckle Jeckle
82.1%
Fay Wray
81.5%
Homer Misnomer
81.1%
Better Letter
80.1%
Double Bubble
78.9%
Yellow Fellow
75.9%
Remove Ads.
Support Sporcle.
Get the best of Sporcle when you Go Orange. This ad-free experience offers more features, more stats, and more fun while also helping to support Sporcle. Thank you for becoming a member.

You're not logged in!

Compare scores with friends on all Sporcle quizzes.
OR
Log In

Show Comments

Extras

Top Quizzes Today


Score Distribution

Your Account Isn't Verified!

In order to create a playlist on Sporcle, you need to verify the email address you used during registration. Go to your Sporcle Settings to finish the process.

Report this User

Report this user for behavior that violates our Community Guidelines.

Details: